|
|
|
|
| LEADER |
00783nam a2200241 a 4500 |
| 001 |
000434474 |
| 003 |
CZ BrMZK |
| 005 |
20051014134107.0 |
| 007 |
ta |
| 008 |
990123s1937 xr f 000 0 cze |
| 015 |
|
|
|a cnb000745705
|
| 035 |
|
|
|a (OCoLC)85569712
|
| 040 |
|
|
|a BOA001
|b cze
|
| 100 |
1 |
|
|a Braito, Silvestr Maria,
|d 1898-1962
|7 jk01012952
|4 aut
|
| 245 |
1 |
0 |
|a Svatý Filip Neri, apoštol mládeže a reformátor Říma /
|c Silvestr M. Braito
|
| 260 |
|
|
|a Olomouc :
|b Edice Krystal,
|c 1937
|
| 300 |
|
|
|a 177 - [IV] s. ;
|c 8°
|
| 490 |
1 |
|
|a Krystal ;
|v sv. 29
|
| 500 |
|
|
|a V úpravě Ant. Medka
|
| 830 |
|
0 |
|a Krystal (Krystal)
|0 s
|
| 910 |
|
|
|a BOA001
|b 1-0110.554,29
|
| 990 |
|
|
|a BK
|
| 996 |
7 |
|
|b 2619779920
|c 1-0110.554,29
|l MZK
|r Sklad / do 1 hodiny
|n 15
|w 000434474
|u 000010
|a 1
|e BOA001
|j MZK50
|s A
|